| Tag |
First Indicator |
Second Indicator |
Subfields |
| LEADER |
00000cam a22000004a 4500 |
| 001 |
in00002106921 |
| 005 |
20190326103710.0 |
| 006 |
m d |
| 007 |
cr cnu---unuuu |
| 008 |
050319s2004 ne sb 001 0 eng d |
| 020 |
|
|
|a 1402025890 (electronic bk.)
|
| 035 |
|
|
|a (OCoLC)ocm58538339
|
| 040 |
|
|
|a N$T
|c N$T
|d UtOrBLW
|
| 049 |
|
|
|a IICN
|
| 050 |
1 |
4 |
|a HM479.B68
|b A35 2004eb
|
| 082 |
0 |
4 |
|a 306/.01
|2 22
|
| 245 |
0 |
0 |
|a After Bourdieu :
|b influence, critique, elaboration /
|c edited by David L. Swartz and Vera L. Zolberg.
|
| 264 |
|
1 |
|a Dordrecht ;
|a Boston :
|b Kluwer Academic Publishers,
|c [2004]
|
| 264 |
|
4 |
|c ©2004
|
| 300 |
|
|
|a vi, 371 pages ;
|c 25 cm.
|
| 336 |
|
|
|a text
|b txt
|2 rdacontent
|
| 337 |
|
|
|a computer
|b c
|2 rdamedia
|
| 338 |
|
|
|a online resource
|b cr
|2 rdacarrier
|
| 504 |
|
|
|a Includes bibliographical references and index.
|
| 533 |
|
|
|a Electronic reproduction.
|b Boulder, Colo. :
|c NetLibrary,
|d 2005.
|n Available via World Wide Web.
|n Access may be limited to NetLibrary affiliated libraries.
|n Publication information on ebook is c2005 Springer Science + Business Media, Inc.
|
| 500 |
|
|
|a Electronic resource.
|
| 600 |
1 |
0 |
|a Bourdieu, Pierre
|x Criticism and interpretation.
|
| 650 |
|
0 |
|a Sociology
|x Philosophy.
|
| 655 |
|
7 |
|a Electronic books.
|2 local
|
| 700 |
1 |
|
|a Swartz, David,
|d 1945-
|
| 700 |
1 |
|
|a Zolberg, Vera L.
|
| 710 |
2 |
|
|a NetLibrary, Inc.
|
| 776 |
1 |
|
|c Original
|z 1402025882
|w (OCoLC)56533651
|
| 856 |
4 |
0 |
|u http://proxy.library.tamu.edu/login?url=http://www.netLibrary.com/urlapi.asp?action=summary&v=1&bookid=121519
|z Connect to the full text of this electronic book
|t 0
|
| 994 |
|
|
|a 92
|b IIC
|
| 999 |
|
|
|a MARS
|
| 999 |
f |
f |
|s bb789288-fba0-335f-a4b1-6a5265994962
|i 4b15ac7a-2eac-3748-9ceb-a47a4e84e974
|t 0
|
| 952 |
f |
f |
|a Texas A&M University
|b College Station
|c Electronic Resources
|d Available Online
|t 0
|e HM479.B68 A35 2004eb
|h Library of Congress classification
|
| 998 |
f |
f |
|a HM479.B68 A35 2004eb
|t 0
|l Available Online
|